Estatísticas para Quiz do Campeonato Brasileiro

Clique aqui para jogar o quiz

Estatísticas Gerais

  • Esse quiz foi jogado 6 239 vezes
    (4 079 desde o último reset)
  • A pontuação média é 53 de 124

Estatísticas das Respostas

DivisãoClube% Correto
AFlamengo
97%
APalmeiras
95%
ACorinthians
94%
ASão Paulo
94%
AAtlético Mineiro
93%
CBotafogo (PB)
93%
ABotafogo (RJ)
93%
CBotafogo (SP)
93%
AFluminense
93%
DFluminense (PI)
93%
BVasco da Gama
92%
BGrêmio
91%
ASantos (SP)
91%
AAthletico Paranaense
90%
AInternacional
90%
BCruzeiro
87%
BBahia
86%
AAmérica Mineiro
83%
ACoritiba
83%
AFortaleza
81%
AGoiás
81%
ACuiabá
79%
AAtlético Goianiense
77%
ACeará
77%
BSport Recife
77%
ARed Bull Bragantino
74%
CVitória (BA)
73%
DJuventude (MA)
72%
AJuventude (RS)
72%
AAvaí
71%
BChapecoense
70%
BCriciúma
69%
BPonte Preta
64%
BGuarani
60%
CBrasil de Pelotas
59%
BNáutico
59%
DNáutico (RR)
59%
BCSA
57%
CPaysandu
57%
BCRB
56%
CRemo
56%
BItuano
55%
DPortuguesa (RJ)
55%
CFigueirense
54%
DSanta Cruz
54%
CABC
53%
BLondrina
53%
BSampaio Corrêa
51%
DParaná
50%
BVila Nova
48%
CVolta Redonda
48%
DCEOV
47%
BOperário (PR)
47%
CMirassol
44%
BNovorizontino
44%
BBrusque
42%
DAmérica de Natal
41%
DBrasiliense
41%
DCaxias
41%
CManaus
41%
BTombense
40%
DSanto André
37%
DAmazonas
36%
DFerroviária (SP)
36%
CFerroviário
33%
DSão Bernardo
33%
DASA
29%
CSão José
29%
DRio Branco (AC)
28%
DInter de Limeira
27%
CYpiranga de Erechim
27%
CCampinense
25%
CConfiança
25%
CAltos
24%
DMoto Club
24%
DNova Iguaçu
24%
DOeste
24%
CFloresta
22%
DSergipe
22%
CAparecidense
21%
DJuventus (SC)
21%
DCascavel
20%
DRetrô
20%
DBahia de Feira
19%
DGlobo
19%
DJuazeirense
19%
DPouso Alegre
17%
DSão Raimundo (AM)
17%
DSão Raimundo (RR)
17%
CAtlético Cearense
16%
DIcasa
16%
DCaldense
15%
DTocantinópolis
15%
DTrem
15%
DTuna Luso
15%
DAnápolis
14%
DJacuipense
14%
DSousa
14%
DAimoré
13%
DPorto Velho
13%
DAfogados
12%
DCeilândia
12%
DCianorte
12%
DMarcílio Dias
12%
DURT
12%
D4 de Julho
11%
DCSE
11%
DHumaitá
11%
DSão Luiz
11%
DAzuriz
10%
DLagarto
10%
DPacajus
10%
DAtlético de Alagoinhas
9%
DCastanhal
9%
DNova Venécia
9%
DReal Noroeste
9%
DCosta Rica
8%
DCrato
8%
DIporá
8%
DPérolas Negras
8%
DAção
7%
DGrêmio Anápolis
7%
DPróspera
6%
DSão Paulo Crystal
6%

Distribuição das Pontuações

Percentil de Números Respondidos

Porcentagem de Pessoas com Cada Pontuação

Sua Pontuação Histórica

Você não jogou esse quiz desde o último reset